In search of "capital crunch" supply factors behind the credit slowdown in Japan

Salvato in:
Dettagli Bibliografici
Autore principale: Woo, David
Natura: Libro
Lingua:inglese
Pubblicazione: Washington International Monetary Fund 1999
Serie:IMF Working Paper 3
Soggetti:
Tags: Aggiungi Tag
Nessun Tag, puoi essere il primo ad aggiungerne!!

MARC

LEADER 00000nam a2200000 4500
001 c109457
005 20221221082655.8
041 0 |a eng 
044 |a US 
245 1 0 |a In search of "capital crunch"  |b supply factors behind the credit slowdown in Japan  |c David Woo 
264 1 |a Washington  |b International Monetary Fund  |c 1999 
300 |a 28 s. 
490 1 |a IMF Working Paper  |v 3 
830 0 |a IMF Working Paper  |v 3 
610 2 0 |a bankovníctvo 
610 2 0 |a banky 
610 2 0 |a Japonsko 
610 2 0 |a kapitál bankový 
610 2 0 |a úver bankový 
610 2 0 |a výskum 
100 1 |a Woo, David